000
00212nam a2200097Ia 4500
008
240331s9999 xx 000 0 und d
082
_b
MAU
100
_a
Maunaguru, S
245
0
_a
Palayathum puthiyathum
942
_c
L
999
_c
3660
_d
3660